Atatürk devri fikir hayatı (Record no. 7291)

MARC details
000 -BAŞLIK
Sabit Uzunlukta Kontrol Alanı 01053na a2200325 4500
001 - KONTROL NUMARASI
Denetim Alanı 14542
003 - KONTROL NUMARASI IDENTIFIER
Denetim Alanı MIRAKIL
005 - SON İŞLEM TARİHİ VE ZAMANI
Denetim Alanı 20181213155134.0
008 - SABİT-BOY VERİ ELEMANLARI - GENEL BİLGİLER
Sabit Uzunlukta Kontrol Alanı 160829b tu 000 0
020 ## - ULUSLARARASI STANDART KİTAP NUMARASI
Uluslararası Standart Kitap Numarası 9751710898 (c.2)
020 ## - ULUSLARARASI STANDART KİTAP NUMARASI
Uluslararası Standart Kitap Numarası 975171088X (c.1)
020 ## - ULUSLARARASI STANDART KİTAP NUMARASI
Uluslararası Standart Kitap Numarası 9751710871 (tk.)
035 ## - SİSTEM KONTROL NUMARASI
Sistem Kontrol Numarası 14542
040 ## - KATALOGLAMA KAYNAK
Orijinal Kataloglama Ajansı Milas
Kataloglama Dili tur
Metne Dönüştürmek Ajansı TR-AnCHP
082 ## - DEWEY ONLU SINIFLANDIRMA NUMARASI
Sınıflandırma Numarası ATA 956.1024
Ürün Numarası A72 1992
090 ## - SINIFLAMA NUMARASI
Sınıflama Numarası ATA 956.1024 A72 1992
245 ## - BAŞLIK TABLOSU
Başlık Atatürk devri fikir hayatı
Sorumluluk Tablosu, Vb hazırlayanlar Mehmet Kaplan...[ve öte.]
260 ## - YAYIN, DAĞITIM, VB
Yayın, Dağıtım, Vb Yeri Ankara
Yayıncı, Dağıtıcı, Vs Adı Kültür Bakanlığı
Yayın, Dağıtım, Vb Tarihi 1992
300 ## - FİZİKSEL TANIM
Kapsam 2 c.
Boyutlar 19 sm.
490 ## - SERİSİ TABLOSU
Seri Beyanı Atatürk
Hacim / Ardışık Tanımı 10
490 ## - SERİSİ TABLOSU
Seri Beyanı Kültür Bakanlığı
Hacim / Ardışık Tanımı 468
504 ## - KAYNAKÇA VB NOT
Kaynakça Vb Notu Dizin var.
600 ## - KONU KATMA GİRİŞ - KURUMSAL ADI
Kişisel Ad Atatürk, Mustafa Kemal
Bir Adıyla İlişkilendirilen Tarihler 1881-1938
Genel Alt Bölümü Dil ve edebiyat
600 ## - KONU KATMA GİRİŞ - KURUMSAL ADI
Kişisel Ad Atatürk, Mustafa Kemal
Bir Adıyla İlişkilendirilen Tarihler 1881-1938
Genel Alt Bölümü Ekonomi
600 ## - KONU KATMA GİRİŞ - KURUMSAL ADI
Kişisel Ad Atatürk, Mustafa Kemal
Bir Adıyla İlişkilendirilen Tarihler 1881- 1938
Genel Alt Bölümü Kültür
600 ## - KONU KATMA GİRİŞ - KURUMSAL ADI
Kişisel Ad Atatürk, Mustafa Kemal
Bir Adıyla İlişkilendirilen Tarihler 1881-1938
Genel Alt Bölümü Atatürk devrimleri
651 ## - KONU KATMA GİRİŞ - COĞRAFİ ADI
Coğrafi İsim Türkiye
Genel Alt Bölümü Ekonomik koşullar
Kronolojik Alt Bölümü 1919-1938
700 ## - KATMA GİRİŞ - KİŞİSEL İSİM
Kişisel Ad Kaplan, Mehmet
942 ## - EKLENDİ GİRİŞ ELEMANLARI (KOHA)
Sınıflandırma Veya Raf Düzeni Kaynak Dewey Decimal Classification
Koha Öğesi Türü Books
999 ## - SİSTEM KONTROL NUMARALARI (KOHA)
Koha Biblionumber 7291
Koha Biblioitemnumber 7291
Holdings
Kalıcı Konum Mevcut Konum Edinme Tarihi Edinim Kaynak Toplam Check-Out'Lar Tam Çağrı Numarası Barkod Tarih Son Görülme İtibaren Geçerli Fiyatlar Koha Öğesi Türü
CHP Kütüphanesi CHP Kütüphanesi 08/29/2016 Bağış   ATA 956.1024 A72 1992 002606 08/29/2016 08/29/2016 Books
CHP Kütüphanesi CHP Kütüphanesi 08/29/2016 Bağış   ATA 956.1024 A72 1992 002607 08/29/2016 08/29/2016 Books